Learning Resource and Development

Fundamentals of management / (Record no. 3435)

MARC details
000 -LEADER
fixed length control field 00974nam a2200265 i 4500
005 - DATE AND TIME OF LATEST TRANSACTION
control field 20230919155117.0
008 - FIXED-LENGTH DATA ELEMENTS--GENERAL INFORMATION
fixed length control field 180418s2013 xxua 000 0 eng
020 ## - INTERNATIONAL STANDARD BOOK NUMBER
International Standard Book Number 9781285893006
Qualifying information (paperback)
040 ## - CATALOGING SOURCE
Transcribing agency CSPC
082 0# - DEWEY DECIMAL CLASSIFICATION NUMBER
Classification number 658
Item number D853f
100 ## - MAIN ENTRY--PERSONAL NAME
Personal name Dubrin, Andrew J.,
Relator term author.
245 00 - TITLE STATEMENT
Title Fundamentals of management /
Statement of responsibility, etc. Andrew J. Dubrin.
250 ## - EDITION STATEMENT
Remainder of edition statement Philippine edition
264 ## - PRODUCTION, PUBLICATION, DISTRIBUTION, MANUFACTURE, AND COPYRIGHT NOTICE
Place of production, publication, distribution, manufacture Singapore :
Name of producer, publisher, distributor, manufacturer Cengage Learning,
Date of production, publication, distribution, manufacture, or copyright notice 2013.
300 ## - PHYSICAL DESCRIPTION
Extent xvi, 443 pages :
Other physical details illustrations ;
Dimensions 25 cm.
336 ## - CONTENT TYPE
Source rdacontent
Content type term text
Content type code txt
337 ## - MEDIA TYPE
Source rdamedia
Media type term unmediated
Media type code n
338 ## - CARRIER TYPE
Source rdacarrier
Carrier type term volume
Carrier type code nc
505 ## - FORMATTED CONTENTS NOTE
Formatted contents note Introduction to management -- Planning -- Organizing -- Leading -- Controlling.
650 10 - SUBJECT ADDED ENTRY--TOPICAL TERM
Topical term or geographic name entry element Management.
650 10 - SUBJECT ADDED ENTRY--TOPICAL TERM
Topical term or geographic name entry element Industrial management.
940 ## - EQUIVALENCE OR CROSS-REFERENCE--UNIFORM TITLE [OBSOLETE] [CAN/MARC only]
Uniform title <a href="123">123</a>
942 ## - ADDED ENTRY ELEMENTS (KOHA)
Koha item type Books
Source of classification or shelving scheme Dewey Decimal Classification
Classification part 658 D853f
Call number prefix CIR
Call number suffix 2013
Suppress in OPAC No
Holdings
Withdrawn status Lost status Damaged status Not for loan Home library Current library Shelving location Date acquired Total Checkouts Full call number Barcode Date last seen Copy number Price effective from Koha item type Source of classification or shelving scheme
        CAMPUS CSPC CAMPUS CSPC Circulation Section 09/19/2023   CIR 658 D853f 2013 000587-BUH 09/19/2023 1-5 09/19/2023 Books Dewey Decimal Classification
        CAMPUS CSPC CAMPUS CSPC Circulation Section 09/19/2023   CIR 658 D853f 2013 000588-BUH 09/19/2023 2-5 09/19/2023 Books Dewey Decimal Classification
        CAMPUS CSPC CAMPUS CSPC Circulation Section 09/19/2023   CIR 658 D853f 2013 000589-BUH 09/19/2023 3-5 09/19/2023 Books Dewey Decimal Classification
        CAMPUS CSPC CAMPUS CSPC Circulation Section 09/19/2023   CIR 658 D853f 2013 000590-BUH 09/19/2023 4-5 09/19/2023 Books Dewey Decimal Classification
        CAMPUS CSPC CAMPUS CSPC Circulation Section 09/19/2023   CIR 658 D853f 2013 000591-BUH 09/19/2023 5-5 09/19/2023 Books Dewey Decimal Classification
        Main Library Main Library Circulation Section 05/12/2023   CIR 658 D853f 2013 016566 05/12/2023 2-11 05/12/2023 Books  
        Main Library Main Library Circulation Section 05/12/2023   CIR 658 D853f 2013 016568 05/12/2023 4-11 05/12/2023 Books  
        Main Library Main Library Circulation Section 05/12/2023   CIR 658 D853f 2013 016569 05/12/2023 5-11 05/12/2023 Books  
        Main Library Main Library Circulation Section 05/12/2023   CIR 658 D853f 2013 016570 05/12/2023 6-11 05/12/2023 Books  
        Main Library Main Library Circulation Section 05/12/2023   CIR 658 D853f 2013 016571 05/12/2023 7-11 05/12/2023 Books  
        Main Library Main Library Circulation Section 05/12/2023   CIR 658 D853f 2013 016572 05/12/2023 8-11 05/12/2023 Books  
        Main Library Main Library Circulation Section 05/12/2023   CIR 658 D853f 2013 016573 05/12/2023 9-11 05/12/2023 Books  
        Main Library Main Library Circulation Section 05/12/2023   CIR 658 D853f 2013 016574 05/12/2023 10-11 05/12/2023 Books  
        Main Library Main Library Circulation Section 05/12/2023   CIR 658 D853f 2013 018707 05/12/2023 11-11 05/12/2023 Books  
        Main Library Main Library Circulation Section 05/12/2023   CIR 658 D853f 2013 016565 05/12/2023 1-11 05/12/2023 Books  
        Main Library Main Library Circulation Section 05/12/2023   CIR 658 D853f 2013 016567 05/12/2023 3-11 05/12/2023 Books